| 000 | 01348nam a22003375a 4500 | ||
|---|---|---|---|
| 003 | OSt | ||
| 005 | 20170422145528.0 | ||
| 008 | 170422s2010 ua gr 000 0 ara d | ||
| 015 | _a2009 / 19733 | ||
| 040 |
_aEG-ScBUE _bara _cEG-ScBUE |
||
| 041 | 1 |
_aara _heng |
|
| 082 | 0 | 4 |
_a211 _bآ ر م _222 |
| 100 | 1 | _aآرمسترونج، كارن. | |
| 240 | 1 | 4 |
_aThe case for God. _lArabic |
| 245 | 1 | 0 |
_aالله.. لماذا؟ / _cكارن آرمسترونج ؛ ترجمة فاطمة نصر، هبه محمود عارف. |
| 250 | _aط. 1. | ||
| 260 |
_aالقاهرة : _bمكتب سطور الجديدة، _c2010. |
||
| 300 |
_a520 ص. ؛ _c24 سم. |
||
| 490 | 0 |
_aإصدارات سطور الجديدة ؛ _v90 |
|
| 490 | 0 | _aمسعى البشرية الأزلي | |
| 500 | _aنشر كتاب (The case for God) أول مرة عام 2009 من خلال الناشر (Alfred A. Knopf) | ||
| 541 | _aإهداء من أ. محمد فريد خميس. | ||
| 546 | _aالنص باللغة العربية ترجم من اللغة الإنجليزية. | ||
| 650 | 7 |
_aالله جل جلاله. _2BUEsh |
|
| 650 | 7 |
_aالإلهيات (علم الكلام) _2BUEsh |
|
| 651 | _2BUEsh | ||
| 653 |
_bGGEN _cApril2017 |
||
| 700 | 1 |
_aنصر، فاطمة، _eمترجم. _927843 |
|
| 700 | 1 |
_aعارف، هبه محمود، _eمترجم. |
|
| 942 | _2ddc | ||
| 999 |
_c24691 _d24663 |
||